[Event "LSS No Engine Cup 47 Preliminary 4"]
[Site "LSS email"]
[Date "2011.07.25"]
[Round "?"]
[White "Bieszk, Stanislaw"]
[Black "Isliyen, Mehmet"]
[Result "1-0"]
[WhiteElo "815"]
[BlackElo "1009"]
[PlyCount "24"]
[EventDate "2011.07.26"]
[EventType "tourn (corr)"]
[EventRounds "6"]
[EventCountry "GER"]
[SourceTitle "Corr 2015"]
[Source "ChessBase"]
[SourceDate "2015.07.17"]
[SourceVersion "1"]
[SourceVersionDate "2015.07.17"]
[SourceQuality "1"]

1. e4 c5 2. Nf3 d6 3. d4 cxd4 4. Nxd4 g6 5. Be3 Bg7 6. Nc3 e5 7. Ndb5 a6 8. Nxd6+ Ke7 9. Bc5 Ke6 10. Bc4+ Kf6 11. Qf3+ Bf5 12. Nd5+ Kg5 1-0

[Event "LSS No Engine Cup 47 Preliminary 4"]
[Site "LSS email"]
[Date "2011.07.25"]
[Round "?"]
[White "Schubert, Kristian"]
[Black "Isliyen, Mehmet"]
[Result "1-0"]
[WhiteElo "1648"]
[BlackElo "1009"]
[PlyCount "37"]
[EventDate "2011.07.26"]
[EventType "tourn (corr)"]
[EventRounds "6"]
[EventCountry "GER"]
[SourceTitle "Telechess CBM 149"]
[Source "ChessBase"]
[SourceDate "2012.07.17"]
[SourceVersion "1"]
[SourceVersionDate "2012.07.17"]
[SourceQuality "1"]

1. e4 c5 2. Nf3 Nc6 3. d4 cxd4 4. Nxd4 g6 5. Nc3 Bg7 6. Be3 e5 7. Ndb5 Nge7 8. Nd6+ Kf8 9. Qf3 f6 10. 0-0-0 b6 11. Bg5 Ng8 12. Nd5 h6 13. Qa3 Nge7 14. Bxf6 Bxf6 15. Nxf6 Kg7 16. Qf3 Rf8 17. Nfe8+ Rxe8 18. Qf7+ Kh8 19. Nxe8 1-0

[Event "FICGS no engines 00 email"]
[Site "FICGS email"]
[Date "2010.11.14"]
[Round "1"]
[White "Plunkett, Louis"]
[Black "Isliyen, Mehmet"]
[Result "1-0"]
[WhiteElo "1623"]
[BlackElo "1452"]
[PlyCount "43"]
[EventDate "2010.??.??"]
[EventType "swiss (corr)"]
[EventRounds "1"]
[SourceTitle "Corr 2013"]
[Source "ChessBase"]
[SourceDate "2012.11.12"]
[SourceVersion "1"]
[SourceVersionDate "2012.11.12"]
[SourceQuality "1"]

1. d4 d5 2. Nc3 Nf6 3. Bg5 e6 4. Nf3 Bb4 5. Qd3 0-0 6. a3 Ba5 7. b4 Bb6 8. h4 h6 9. Bxf6 Qxf6 10. g4 Nc6 11. Rd1 Re8 12. Bg2 e5 13. Nxd5 Qd6 14. Nxb6 axb6 15. Qe4 exd4 16. Qxe8+ Kh7 17. Ng5+ hxg5 18. hxg5+ Kg6 19. Be4+ Kxg5 20. Rh5+ Kxg4 21. Bf3+ Kf4 22. Qe4# 1-0

[Event "LSS BI-2010-P-00001"]
[Site "LSS email"]
[Date "2010.04.19"]
[Round "?"]
[White "Isliyen, Mehmet"]
[Black "Brough, Carl"]
[Result "0-1"]
[WhiteElo "1111"]
[BlackElo "668"]
[PlyCount "38"]
[EventDate "2010.04.22"]
[EventType "tourn (corr)"]
[EventRounds "10"]
[EventCountry "GER"]
[SourceTitle "Telechess CBM 141"]
[Source "ChessBase"]
[SourceDate "2011.03.17"]
[SourceVersion "1"]
[SourceVersionDate "2011.03.17"]
[SourceQuality "1"]

1. e4 e5 2. d4 exd4 3. Qxd4 Nc6 4. Qd1 Nf6 5. Nc3 Bc5 6. h3 d6 7. Bb5 Be6 8. Nf3 a6 9. Ba4 Qe7 10. Nd5 Bxd5 11. 0-0 Bxe4 12. Re1 0-0 13. Ng5 d5 14. Kh2 Bxf2 15. Re2 Qe5+ 16. Kh1 Bxg2+ 17. Kxg2 Qg3+ 18. Kh1 Ne4 19. Nxe4 Qxh3# 0-1

[Event "FICGS class D 000144 email"]
[Site "FICGS email"]
[Date "2010.03.27"]
[Round "1"]
[White "Flores, Luis"]
[Black "Isliyen, Mehmet"]
[Result "1-0"]
[WhiteElo "1515"]
[BlackElo "1452"]
[PlyCount "37"]
[EventDate "2010.??.??"]
[EventType "tourn (corr)"]
[EventRounds "1"]
[SourceTitle "Corr 2013"]
[Source "ChessBase"]
[SourceDate "2012.11.12"]
[SourceVersion "1"]
[SourceVersionDate "2012.11.12"]
[SourceQuality "1"]

1. d4 d5 2. Bg5 h6 3. Bh4 g5 4. Bg3 Bg7 5. e3 Nf6 6. Nd2 Nc6 7. Bd3 0-0 8. c3 Bg4 9. Qb3 Na5 10. Qc2 b6 11. h4 Re8 12. hxg5 Ne4 13. gxh6 Nxg3 14. Bh7+ Kh8 15. hxg7+ Kxg7 16. Rh4 Rh8 17. Rxg4+ Kf6 18. Rxg3 Qf8 19. Qf5# 1-0

[Event "FICGS class D 000144 email"]
[Site "FICGS email"]
[Date "2010.03.27"]
[Round "1"]
[White "Gonet, Gerard"]
[Black "Isliyen, Mehmet"]
[Result "1-0"]
[WhiteElo "1600"]
[BlackElo "1452"]
[PlyCount "33"]
[EventDate "2010.??.??"]
[EventType "tourn (corr)"]
[EventRounds "1"]
[SourceTitle "Corr 2013"]
[Source "ChessBase"]
[SourceDate "2012.11.12"]
[SourceVersion "1"]
[SourceVersionDate "2012.11.12"]
[SourceQuality "1"]

1. f4 d5 2. c4 Nf6 3. d4 e6 4. Nc3 c5 5. Nf3 cxd4 6. Nxd4 Bb4 7. Qa4+ Nc6 8. Nxc6 Bxc3+ 9. bxc3 bxc6 10. Qxc6+ Bd7 11. Qa6 Ne4 12. cxd5 Nxc3 13. dxe6 Bxe6 14. Qc6+ Ke7 15. Qxc3 Re8 16. Ba3+ Kd7 17. Rd1+ 1-0

[Event "LSS No Engine Cup 15 Preliminary 1"]
[Site "LSS email"]
[Date "2010.01.24"]
[Round "?"]
[White "Basson, Heinrich"]
[Black "Isliyen, Mehmet"]
[Result "1-0"]
[WhiteElo "1798"]
[BlackElo "1600"]
[PlyCount "69"]
[EventDate "2010.01.25"]
[EventType "tourn (corr)"]
[EventRounds "6"]
[EventCountry "GER"]
[SourceTitle "Corr 2022"]
[Source "ChessBase"]
[SourceDate "2021.10.24"]
[SourceVersion "1"]
[SourceVersionDate "2021.10.24"]
[SourceQuality "1"]

1. d4 d5 2. c4 Nf6 3. Nc3 e6 4. Bg5 Be7 5. e3 Nc6 6. Nf3 0-0 7. a3 Bd7 8. Be2 Ng4 9. Bxe7 Qxe7 10. cxd5 exd5 11. Qb3 Rae8 12. 0-0 Qd6 13. Nb5 Qh6 14. Rad1 Na5 15. Qxd5 Bc6 16. Qg5 Bxf3 17. Qxh6 Nxh6 18. Bxf3 Nc4 19. b3 c6 20. bxc4 cxb5 21. c5 Rb8 22. Rb1 a6 23. a4 Nf5 24. axb5 axb5 25. Rxb5 Ne7 26. Rxb7 Ng6 27. c6 Ne7 28. Rxe7 Rb2 29. c7 g5 30. Rc1 Rc8 31. Bd5 Kg7 32. Rxf7+ Kh6 33. Rc6+ Kh5 34. Rxh7+ Kg4 35. Be6# 1-0

[Event "LSS No Engine Cup 14 Preliminary 5"]
[Site "LSS email"]
[Date "2010.01.07"]
[Round "?"]
[White "Ottenweller, Wolfgang"]
[Black "Isliyen, Mehmet"]
[Result "1-0"]
[WhiteElo "1946"]
[BlackElo "1600"]
[PlyCount "29"]
[EventDate "2010.01.08"]
[EventType "tourn (corr)"]
[EventRounds "6"]
[EventCountry "GER"]
[SourceTitle "Corr 2022"]
[Source "ChessBase"]
[SourceDate "2021.10.24"]
[SourceVersion "1"]
[SourceVersionDate "2021.10.24"]
[SourceQuality "1"]

1. e4 e5 2. d4 d5 3. dxe5 Bb4+ 4. c3 Be7 5. exd5 Bg5 6. Bxg5 Qxg5 7. Nf3 Qg6 8. Bd3 Qxg2 9. Rg1 Qh3 10. Rxg7 Bg4 11. Qa4+ Bd7 12. Qf4 Qh6 13. Qxf7+ Kd8 14. Ng5 Kc8 15. Qf8+ 1-0

[Event "FICGS class D 000139 email"]
[Site "FICGS email"]
[Date "2009.12.29"]
[Round "1"]
[White "Isliyen, Mehmet"]
[Black "Pech, Jaroslav Sr"]
[Result "1-0"]
[WhiteElo "1599"]
[BlackElo "1594"]
[PlyCount "23"]
[EventDate "2009.??.??"]
[EventType "tourn (corr)"]
[EventRounds "6"]
[SourceTitle "Corr 2022"]
[Source "ChessBase"]
[SourceDate "2021.10.24"]
[SourceVersion "1"]
[SourceVersionDate "2021.10.24"]
[SourceQuality "1"]

1. e4 Nf6 2. Nc3 e5 3. Bc4 Nc6 4. Nf3 Bc5 5. Na4 Nxe4 6. Nxc5 Nxc5 7. 0-0 d5 8. Bb5 e4 9. Bxc6+ bxc6 10. Nd4 Qf6 11. c3 Ba6 12. Re1 1-0

[Event "FICGS class D 000139 email"]
[Site "FICGS email"]
[Date "2009.12.29"]
[Round "1"]
[White "Payzansky, Aleksey"]
[Black "Isliyen, Mehmet"]
[Result "1-0"]
[WhiteElo "1400"]
[BlackElo "1599"]
[PlyCount "53"]
[EventDate "2009.??.??"]
[EventType "tourn (corr)"]
[EventRounds "6"]
[SourceTitle "Corr 2022"]
[Source "ChessBase"]
[SourceDate "2021.10.24"]
[SourceVersion "1"]
[SourceVersionDate "2021.10.24"]
[SourceQuality "1"]

1. e4 c5 2. Nf3 d6 3. d4 cxd4 4. Nxd4 e5 5. Nb3 Nf6 6. Nc3 Bg4 7. Be2 Qd7 8. f3 Bh5 9. Bb5 Nc6 10. Bg5 Be7 11. Bxf6 Bxf6 12. Na5 a6 13. Ba4 Rc8 14. Nd5 Qd8 15. Nxb7 Qd7 16. Na5 Bd8 17. Nxc6 Rxc6 18. Nb4 Ba5 19. c3 Bxb4 20. cxb4 0-0 21. Bxc6 Qxc6 22. Rc1 Qd7 23. Qd5 Qa7 24. Ke2 Qb6 25. a3 Kh8 26. Rc6 Qd8 27. Qxd6 1-0

[Event "FICGS no engines 00 email"]
[Site "FICGS email"]
[Date "2009.10.30"]
[Round "1"]
[White "Isliyen, Mehmet"]
[Black "Zimmermann, Melchior"]
[Result "0-1"]
[WhiteElo "1600"]
[BlackElo "1800"]
[PlyCount "66"]
[EventDate "2009.??.??"]
[EventType "swiss (corr)"]
[EventRounds "1"]
[SourceTitle "Corr 2022"]
[Source "ChessBase"]
[SourceDate "2021.10.24"]
[SourceVersion "1"]
[SourceVersionDate "2021.10.24"]
[SourceQuality "1"]

1. e4 e5 2. Nf3 Nc6 3. Bb5 d6 4. d4 Bg4 5. d5 a6 6. Ba4 b5 7. Bb3 Nd4 8. Nbd2 Nf6 9. h3 Bh5 10. c3 Nxf3+ 11. Nxf3 Nxe4 12. Qd3 Bg6 13. Qe3 Be7 14. Bc2 f5 15. 0-0 0-0 16. Nd2 Bg5 17. Qe2 Nf6 18. c4 bxc4 19. Qxc4 Bf7 20. Bxf5 Bxd5 21. Qd3 Bxd2 22. Bxd2 e4 23. Qg3 Bb7 24. Bg5 Qe8 25. Bxf6 Rxf6 26. Qb3+ d5 27. Bxh7+ Kxh7 28. Qxb7 c6 29. b3 e3 30. Rae1 exf2+ 31. Rxf2 Qxe1+ 32. Kh2 Qxf2 33. Qxa8 Rg6 0-1